| 000 | 00811nam a22001337a 4500 | ||
|---|---|---|---|
| 040 | _cRUA | ||
| 082 | _aANS PHY 2014 B445 Or.1 | ||
| 100 | _aPHY SOPHORN; ភី សុភ័ណ្ឌ | ||
| 245 | _aSurvey on fattening pig raising at kilometer 99 farm of cp company in phnom srouch district, kompong speu province; ការអង្កេតលើការចិញ្ចឹមជ្រូកសាច់នៅកសិដ្ឋានចិញ្ចឹមជ្រូក គ.ម៩៩របស់ក្រុមហ៊ុន ស៊ី ភី ស្រុកភ្នំស្រួច ខេត្តកំពង់ស្ពឺ | ||
| 260 |
_aPhnom Penh _bRUA _c2014 |
||
| 300 |
_ax;45p. _bill. _c29cm. |
||
| 856 | _uhttps://drive.google.com/file/d/1J9oFFZAlC9UHuu01162h_mtnNofgbmsm/view?usp=sharing | ||
| 942 | _cANS | ||
| 999 |
_c7369 _d7369 |
||